Normal view MARC view

Entry Personal Name

Number of records used in: 1

001 - CONTROL NUMBER

  • control field: 1238072

003 - CONTROL NUMBER IDENTIFIER

  • control field: OSt

005 - DATE AND TIME OF LATEST TRANSACTION

  • control field: 20260430150634.0

008 - FIXED-LENGTH DATA ELEMENTS

  • fixed length control field: 260430|| aca||aabn | a|a d

040 ## - CATALOGING SOURCE

  • Original cataloging agency: OSt
  • Transcribing agency: OSt

100 ## - HEADING--PERSONAL NAME

  • Personal name: Deshwal Deepika Au.; Singhal Shalini Gu

670 ## - SOURCE DATA FOUND

  • Source citation: Work cat.: (OSt)1850273: Deshwal Deepika Au.; Singhal Shalini Gu., A Historical Survey of the Origin and Growth of the Buddhist Samgha (Till the Mauryan Period), 2023
Copyright @ Delhi University Library System